000 00835cad a22002055a 4500
001 E151481
008 101108e20101103xxk s000 0 eng d
035 _a(Sirsi) u151481
041 0 _aeng
110 2 _aScotland
_bScottish Government
_95344
245 0 0 _aPreventing wildlife crime
_h[electronic resource]
260 _c2010
490 _aScottish Government News Release
_v3 November 2010
520 _aAnnounces plans to make employers responsible for illegal poisoning of birds of prey by their employees.
590 _aKA
651 4 _aScotland
_y1999-
690 _aENVIRONMENTAL AND LAND CONSULTANCY-ENVIRONMENTAL MANAGEMENT-ENVIRONMENTAL CONSERVATION-WILDLIFE CONSERVATION
856 4 0 _uhttps://www.scotland.gov.uk/News/Releases/2010/11/03110045
_zView the news release free of charge at www.scotland.gov.uk
942 _n0
999 _c82804
_d82804